000
00306nam a22001337a 4500
008
170529b xxu||||| |||| 00| 0 eng d
020
_a
9780176567828
041
_a
eng
080
_2
2ND
_a
66.0
100
_a
27
101
_a
IM
245
_a
CHEMISTRY FOR ENGINEERS
_c
WESTERN UNIVERSITY
942
_2
udc
_c
BK
999
_c
14747
_d
14747